Ninamaninja Kalpadukal (Record no. 16417)
[ view plain ]
| 000 -LEADER | |
|---|---|
| fixed length control field | 00216nam a22000977a 4500 |
| 003 - CONTROL NUMBER IDENTIFIER | |
| control field | OSt |
| 008 - FIXED-LENGTH DATA ELEMENTS--GENERAL INFORMATION | |
| fixed length control field | 210113b ||||| |||| 00| 0 eng d |
| 100 ## - MAIN ENTRY--AUTHOR NAME | |
| Personal name | Parappurath |
| 245 ## - TITLE STATEMENT | |
| Title | Ninamaninja Kalpadukal |
| 942 ## - ADDED ENTRY ELEMENTS (KOHA) | |
| Koha item type | Books |
| Withdrawn status | Lost status | Damaged status | Home library | Current library | Date acquired | Accession Number | Koha item type |
|---|---|---|---|---|---|---|---|
| Withdrawn | KAUAET | KAUAET | 13/01/2021 | 322 | Books |
